Plato : (Record no. 8906)
[ view plain ]
| 000 -LEADER | |
|---|---|
| fixed length control field | 00523nam a2200169 4500 |
| 008 - FIXED-LENGTH DATA ELEMENTS--GENERAL INFORMATION | |
| fixed length control field | 020619s1958 us 1 eng |
| 090 ## - LOCALLY ASSIGNED LC-TYPE CALL NUMBER (OCLC); LOCAL CALL NUMBER (OCLC) | |
| Classification number (OCLC) (R) ; Classification number, CALL (RLIN) (NR) | B393 |
| Local cutter number (OCLC) ; Book number/undivided call number, CALL (RLIN) | F91 |
| 100 1# - MAIN ENTRY--PERSONAL NAME | |
| Personal name | Friedlander, Paul |
| 245 10 - TITLE STATEMENT | |
| Title | Plato : |
| Remainder of title | an introduction / |
| Statement of responsibility, etc | Paul Friedlander. |
| 260 ## - PUBLICATION, DISTRIBUTION, ETC. (IMPRINT) | |
| Place of publication, distribution, etc | New York : |
| Name of publisher, distributor, etc | Harper Torchbooks, |
| Date of publication, distribution, etc | c1958. |
| 300 ## - PHYSICAL DESCRIPTION | |
| Extent | xxii, 422 p. : |
| Other physical details | ills. |
| 504 ## - BIBLIOGRAPHY, ETC. NOTE | |
| Bibliography, etc | Includes index |
| 600 14 - SUBJECT ADDED ENTRY--PERSONAL NAME | |
| Personal name | Plato, 427-347 B.C. |
| 650 #4 - SUBJECT ADDED ENTRY--TOPICAL TERM | |
| Topical term or geographic name as entry element | Philosophy |
| General subdivision | Ancient. |
| 951 ## - EQUIVALENCE OR CROSS-REFERENCE-GEOGRAPHIC NAME/AREA NAME [OBSOLETE] [CAN/MARC only] | |
| General subdivision | 00027727 |
| 951 ## - EQUIVALENCE OR CROSS-REFERENCE-GEOGRAPHIC NAME/AREA NAME [OBSOLETE] [CAN/MARC only] | |
| -- | 25016 |
| -- | B393/F91 |
| -- | 070613111126703 |
| -- | 2000-12-21 |
| -- | GC |
| Withdrawn status | Lost status | Damaged status | Not for loan | Home library | Current library | Shelving location | Date acquired | Accession number | Shelving control number | Total Checkouts | Full call number | Barcode | Date last seen | Price effective from | Koha item type |
|---|---|---|---|---|---|---|---|---|---|---|---|---|---|---|---|
| BSOP Library | BSOP Library | GC | 12/21/2000 | 25016 | 127 | B393/F91 | 00027727 | 02/23/2013 | 02/23/2013 | Books |
